000 00588nam a2200205 u 4500
005 20240831063713.0
008 080519s2005 es r 000 0 spa d
020 _a842169460X
035 _aUPN01000155958
049 _aI
050 4 _aPZ74.7
_bM3.7
100 1 _aMataix, Lucila
245 1 0 _aPapá no quiere ser pingüino /
_cLucila Mataix ; il. de Horacio Elena.
260 _aMadrid :
_bBruño,
_cc2005.
300 _a51 p. :
_bil. col.
440 0 _aCuentos ;
_pa partir de 6 años
650 4 _aCuentos infantiles españoles
_97725
905 _aInfantil
999 _c128072
_d128072